000 00581nam a2200181Ia 4500
003 IN-BaIIA
005 20250707103847.0
008 211028s9999 xx 000 0 eng d
040 _cIIA Library
080 _a629.19 (047.1)
_bPAA-9
245 0 _aElectric propulsion development
_cErnst Stuhlinger
260 _aNew York
_bAcademic Press
_c1963
300 _axiii, 748p.
490 _aProgress in astronautics and aeronautics
_v9
650 _aAstronomy and Astrophysics Thesaurus
700 _aHenley, Ernest J., ed.
942 _cBK
_2ddc
999 _c3080
_d3080